<The> Paris Agreement from the "Czecho-Slovak" Perspective – Article 6 under Scrutiny

Parížska dohoda prijatá stranami Rámcového dohovoru OSN o zmene podnebia v roku 2015, si stanovuje dlhodobý cieľ udržať nárast priemernej globálnej teploty hlboko pod 2 °C v porovnaní s predindustriálnym obdobím a snaží sa udržať zvýšenie teploty pod 1,5 °C. Vykonávanie článku 6 a pokyny, ktoré sa v...

Celý popis

Uložené v:
Podrobná bibliografia
Hlavný autor: Krupová, Kristína, 1993-
Médium: Kapitola
Jazyk:English
Predmet:
Tagy: Pridať tag
Žiadne tagy, Buďte prvý, kto otaguje tento záznam!

MARC

LEADER 00000naa a2200000 4500
001 0271155
005 20240502083821.3
041 0 |a eng 
044 |a CA 
245 1 0 |a <The> Paris Agreement from the "Czecho-Slovak" Perspective – Article 6 under Scrutiny  |c Kristína Krupová 
520 |a Parížska dohoda prijatá stranami Rámcového dohovoru OSN o zmene podnebia v roku 2015, si stanovuje dlhodobý cieľ udržať nárast priemernej globálnej teploty hlboko pod 2 °C v porovnaní s predindustriálnym obdobím a snaží sa udržať zvýšenie teploty pod 1,5 °C. Vykonávanie článku 6 a pokyny, ktoré sa v súvislosti s ním majú vypracovať podľa Parížskej dohody. 
610 2 0 |a dohody medzinárodné 
610 2 0 |a ochrana prostredia životného 
610 2 0 |a Slovensko 
610 2 0 |a Česko 
100 1 |a Krupová, Kristína, 1993-